000
00410 a2200133 4500
000
nam a22 7a 4500
100
_a
सेवा ,सिंह बाजवा
110
_a
सेवा ,सिंह बाजवा
245
_a
भारतीय सैन्य समस्याएं
250
_a
latest edition
260
_b
वैभव
_c
2024
264
_b
वैभव
_c
2024
942
_c
BK
999
_c
395364
_d
395364